000 01012cam a2200289 a 4500
001 000012120
003 OSt
005 20250211105815.0
008 990125s1996 ve a b 000 0 spa d
020 _a9806397193
040 _aDO-SdBNP
_bspa
_cBNPHU
082 _a338.1
_bC322e
100 1 _aCartay, Rafael,
_d1941-
_928654
245 1 3 _aEl escenario mundial agroalimentario /
_cRafael Cartay, Gerard Ghersi.
260 _aCaracas, (Venezuela) :
_bFundación Polar ;
_bArea Economía Agroalimentaria,
_c1996.
300 _a318 p. :
_bil. ;
_c30 cm.
490 1 _aSistema alimentario venezolano
_aEstudios especiales
504 _aBibliografía : p. 309-318
650 4 _aComercio agrícola
_923996
650 0 _aAgricultura -
_xAspectos económicos
_930596
700 1 _aGhersi, Gerard.
_928655
710 1 _aFundación Polar.
_bArea Economía Agroalimentaria.
_928656
830 0 _aSistema alimentario venezolano
_976705
830 0 _aEstudios especiales
_976706
942 _2ddc
_cLF1
956 _aLOPEREZ
999 _c11785
_d11785